Have you seen the crocodile? / (Record no. 9082)

MARC details
000 -LEADER
fixed length control field 01060cam a2200349 a 4500
001 - CONTROL NUMBER
control field 9082
003 - CONTROL NUMBER IDENTIFIER
control field FISKH
005 - DATE AND TIME OF LATEST TRANSACTION
control field 20251119090327.0
008 - FIXED-LENGTH DATA ELEMENTS--GENERAL INFORMATION
fixed length control field 870824s1986 enka j 000 1 eng
010 ## - LIBRARY OF CONGRESS CONTROL NUMBER
LC control number 86216026
020 ## - INTERNATIONAL STANDARD BOOK NUMBER
International Standard Book Number 0744505267 :
Terms of availability Ł2.95
020 ## - INTERNATIONAL STANDARD BOOK NUMBER
International Standard Book Number 9780744505269
020 ## - INTERNATIONAL STANDARD BOOK NUMBER
International Standard Book Number 9780763608620
035 ## - SYSTEM CONTROL NUMBER
System control number 3362022
040 ## - CATALOGING SOURCE
Original cataloging agency DLC
Transcribing agency DLC
Modifying agency DLC
Language of cataloging eng
050 ## - LIBRARY OF CONGRESS CALL NUMBER
Classification number PZ7.W51744 H
082 ## - DEWEY DECIMAL CLASSIFICATION NUMBER
Classification number 823.914
100 1# - MAIN ENTRY--PERSONAL NAME
Personal name West, Colin.
245 10 - TITLE STATEMENT
Title Have you seen the crocodile? /
Statement of responsibility, etc. written and illustrated by Colin West.
260 ## - PUBLICATION, DISTRIBUTION, ETC.
Place of publication, distribution, etc. London :
Name of publisher, distributor, etc. Walker Books,
Date of publication, distribution, etc. 1986.
300 ## - PHYSICAL DESCRIPTION
Extent 24 unnumbered pages :
Other physical details color illustrations ;
Dimensions 24 cm
440 #0 - SERIES STATEMENT/ADDED ENTRY--TITLE
Title Fun-to-read picture books
505 ## - FORMATTED CONTENTS NOTE
Formatted contents note E<br/>
520 ## - SUMMARY, ETC.
Summary, etc. Various animals look for the cunning crocodile, not realizing he is right under their noses.
521 8# - TARGET AUDIENCE NOTE
Target audience note 260<br/>
Source Lexile estimate<br/>
521 8# - TARGET AUDIENCE NOTE
Target audience note E<br/>
Source Raz-Plus<br/>
650 #1 - SUBJECT ADDED ENTRY--TOPICAL TERM
Topical term or geographic name entry element Crocodiles
General subdivision Fiction.
650 #1 - SUBJECT ADDED ENTRY--TOPICAL TERM
Topical term or geographic name entry element Animals
General subdivision Fiction.
906 ## - LOCAL DATA ELEMENT F, LDF (RLIN)
a 7
b cbc
c orignew
d 3
e ncip
f 19
g y-gencatlg
942 ## - ADDED ENTRY ELEMENTS (KOHA)
Source of classification or shelving scheme Dewey Decimal Classification
Koha item type Books
Suppress in OPAC No
Holdings
Withdrawn status Lost status Source of classification or shelving scheme Damaged status Not for loan Collection Home library Current library Shelving location Date acquired Total Checkouts Full call number Barcode Date last seen Copy number Price effective from Koha item type
    Dewey Decimal Classification     Juvenile Fiction Footprints International School Library Network Toul Tom Poung Campus Footprints International School Library Network Toul Tom Poung Campus TTP Primary Green Bookshelves 11/19/2025   WES 823.914 PZ7.W51744 H FISTK02304 11/19/2025 1 11/19/2025 Books